000 01572 a2200229 4500
999 _c329761
_d329761
003 NUST
005 20170519132724.0
008 170519b xxu||||| |||| 00| 0 eng d
040 _aDLC
_bDLC
_c0
082 _a546 YOU
100 _aYounas, M.
_91238
245 _aA Textbook of Organic Chemistry
_cM. Younas
260 _aLahore :
_bIlmi Kitab Kana,
_c2006.
300 _a644 p. :
_bill.
_c24 cm.
500 _aIncludes Index
501 _aP.B
650 _aChemistry
_9276
942 _cBK
_k546 YOU
_2ddc